Logo BPK

Biblioteka

Politechniki Koszalińskiej

Fizika żidkogo sostojanija. (Rekord nr 17985)

Szczegóły MARC
000 -ETYKIETA REKORDU
podpole kontrolne o stałej długości 00356nam a2200157 i 4500
001 - NUMER KONTROLNY REKORDU
pole kontrolne bg
040 ## - ŹRÓDŁO KATALOGOWANIA
Instytucja, która utworzyła rekord BPK
041 ## - KOD JĘZYKA
Kod języka tekstu pol
080 ## - UNIWERSALNA KLASYFIKACJA DZIESIĘTNA - UKD
UKD 532
008 - POLE O STAŁEJ DŁUGOŚCI - DANE KONTROLNE
podpole kontrolne o stałej długości s pl f |000 0 pol
245 #0 - TYTUŁ/ODPOWIEDZIALNOŚĆ
Tytuł Fizika żidkogo sostojanija.
250 ## - STREFA WYDANIA
Oznaczenie wydania Vyp. 6.
260 ## - STREFA ADRESU WYDAWNICZEGO
Miejsce wydania Kiev :
Nazwa wydawcy/dystrybutora "Visca Skola",
Data publikacji, dystrybucji/powstania dokumentu 1978.
300 ## - STREFA OPISU FIZYCZNEGO
Objętość s. 113, nlb. 1 :
Inne cechy fizyczne rys.
856 ## - LOKALIZACJA I DOSTĘP DO ELEKTRONICZNYCH DOKUMENTÓW ZDALNYCH
Link (URL) http://koha.tu.koszalin.pl/cgi-bin/koha/opac-detail.pl?biblionumber=17985
Tekst linku Katalog online BPK
942 ## - DODATKOWE ELEMENTY (KOHA)
Typ dokumentu Książka
Egzemplarze
Wycofany Status egzemplarza Uszkodzony Dostępność Lokalizacja stała Lokalizacja bieżąca Numer ubytku Sygnatura Kod kreskowy Typ dokumentu Miejsce przechowywania
  Egz. niedostępny   Niedostępny Biblioteka Politechniki Koszalińskiej Biblioteka Politechniki Koszalińskiej 12107 23705 01688368 Książka  
      Dostępny Biblioteka Politechniki Koszalińskiej Biblioteka Politechniki Koszalińskiej   23706 01688375 Książka Wypożyczalnia BG
© 2023 Biblioteka Politechniki Koszalińskiej :: KOHA